[Event "ITA-ch U16 Girls"]
[Site "Tarvisio"]
[Date "2014.06.30"]
[Round "2"]
[White "Paolillo, Gaia"]
[Black "Celati, Sara"]
[Result "1-0"]
[WhiteElo "1916"]
[BlackElo "1645"]
[PlyCount "59"]
[EventDate "2014.06.29"]
[EventType "swiss"]
[EventRounds "9"]
[EventCountry "ITA"]
[SourceTitle "EXT 2015"]
[Source "ChessBase"]
[SourceDate "2014.11.20"]
[SourceVersion "1"]
[SourceVersionDate "2014.11.20"]
[SourceQuality "1"]

1. e4 Nf6 2. Nc3 d6 3. d4 c6 4. g3 Qb6 5. Nf3 Bg4 6. Bg2 Nbd7 7. 0-0 e5 8. dxe5 Nxe5 9. h3 Nxf3+ 10. Bxf3 Bxh3 11. Re1 0-0-0 12. a4 a5 13. Be3 Qb4 14. Na2 Qc4 15. b3 Qe6 16. Bb6 Re8 17. Qd2 Nd7 18. Qxa5 Nb8 19. Qa8 h5 20. a5 h4 21. a6 bxa6 22. Nb4 Qd7 23. Nxa6 Qb7 24. Nxb8 Qxa8 25. Rxa8 Kb7 26. Rea1 Kxb6 27. g4 Be7 28. Nd7+ Kb5 29. R1a4 c5 30. e5 1-0

[Event "Salento op 3rd"]
[Site "Gallipoli"]
[Date "2014.05.22"]
[Round "7"]
[White "Rudolf, Anna"]
[Black "Paolillo, Gaia"]
[Result "1-0"]
[WhiteElo "2292"]
[BlackElo "1914"]
[PlyCount "71"]
[EventDate "2014.05.17"]
[EventType "swiss"]
[EventRounds "9"]
[EventCountry "ITA"]
[SourceTitle "CBM 160 Extra"]
[Source "ChessBase"]
[SourceDate "2014.07.01"]
[SourceVersion "1"]
[SourceVersionDate "2014.07.01"]
[SourceQuality "1"]

1. Nf3 Nf6 2. d4 g6 3. g3 Bg7 4. Bg2 0-0 5. 0-0 d5 6. Nbd2 Nbd7 7. b3 c5 8. Bb2 Re8 9. e3 b6 10. Ne5 Bb7 11. f4 e6 12. g4 Nxe5 13. fxe5 Nd7 14. Rf2 f6 15. Nc4 Ba6 16. dxc5 bxc5 17. Bxd5 exd5 18. Qxd5+ Kh8 19. Nd6 Rf8 20. exf6 Nxf6 21. Nf7+ Kg8 22. Qxd8 Rfxd8 23. Bxf6 Rf8 24. Bxg7 Rxf7 25. Bh6 Rd8 26. c4 Rxf2 27. Kxf2 Rd2+ 28. Kg3 Bb7 29. Rf1 Rd8 30. Rf6 Re8 31. a3 Be4 32. b4 Bd3 33. bxc5 Bxc4 34. c6 Bf7 35. c7 Rc8 36. Rd6 1-0

[Event "Salento op 3rd"]
[Site "Gallipoli"]
[Date "2014.05.19"]
[Round "4"]
[White "Bernabei, Alberto"]
[Black "Paolillo, Gaia"]
[Result "0-1"]
[WhiteElo "1932"]
[BlackElo "1914"]
[PlyCount "98"]
[EventDate "2014.05.17"]
[EventType "swiss"]
[EventRounds "9"]
[EventCountry "ITA"]
[SourceTitle "CBM 160 Extra"]
[Source "ChessBase"]
[SourceDate "2014.07.01"]
[SourceVersion "1"]
[SourceVersionDate "2014.07.01"]
[SourceQuality "1"]

1. e4 e5 2. Nf3 Nc6 3. d4 exd4 4. Nxd4 Bc5 5. Nb3 Bb6 6. Nc3 Nge7 7. Qe2 d6 8. Be3 Be6 9. 0-0-0 Qd7 10. Kb1 0-0-0 11. Nd5 f5 12. Nxb6+ axb6 13. exf5 Nxf5 14. Bg5 Rde8 15. Qd2 h6 16. Bf4 Qf7 17. Bb5 Rhf8 18. Bg3 Nxg3 19. fxg3 Bc4 20. Bxc4 Qxc4 21. Rhe1 Rxe1 22. Rxe1 Rf1 23. Rxf1 Qxf1+ 24. Nc1 Kd7 25. Qe2 Qxe2 26. Nxe2 Ne5 27. Nd4 Ke7 28. Kc1 Ng4 29. Nf3 c5 30. Kd2 Ke6 31. b3 b5 32. c3 d5 33. h3 Ne5 34. Ke3 g5 35. g4 Nxf3 36. Kxf3 Ke5 37. Ke3 d4+ 38. cxd4+ cxd4+ 39. Kd3 Kd5 40. a3 Ke5 41. a4 b4 42. a5 Kd5 43. g3 Ke5 44. h4 Kd5 45. hxg5 hxg5 46. Kd2 Ke4 47. Ke2 d3+ 48. Kd2 Kd4 49. Kd1 Kc3 0-1

[Event "Roseto op 5th"]
[Site "Roseto"]
[Date "2014.01.04"]
[Round "3"]
[White "Paolillo, Gaia"]
[Black "Gueci, Tea"]
[Result "0-1"]
[WhiteElo "1883"]
[BlackElo "2062"]
[PlyCount "76"]
[EventDate "2014.01.03"]
[EventType "swiss"]
[EventRounds "7"]
[EventCountry "ITA"]
[SourceTitle "EXT 2015"]
[Source "ChessBase"]
[SourceDate "2014.11.20"]
[SourceVersion "1"]
[SourceVersionDate "2014.11.20"]
[SourceQuality "1"]

1. e4 g6 2. d4 Bg7 3. Nf3 d6 4. Nc3 Nf6 5. Be2 0-0 6. 0-0 c6 7. h3 Qc7 8. Be3 e5 9. dxe5 dxe5 10. Qc1 b5 11. a3 Bb7 12. Bc5 Rd8 13. Rd1 Na6 14. Qe3 Nxc5 15. Qxc5 Nd7 16. Qe3 a6 17. Rd2 Nf8 18. Rad1 Ne6 19. Rxd8+ Rxd8 20. Rxd8+ Qxd8 21. Qd2 Nd4 22. Kf1 Qe7 23. a4 Qb4 24. b3 Qa3 25. axb5 axb5 26. Bd1 Ba6 27. Nxd4 exd4 28. Ne2 c5 29. Qg5 Qa5 30. Qf4 Qb6 31. f3 c4 32. e5 d3 33. cxd3 cxd3 34. Nc1 b4 35. Qe4 d2+ 36. Ne2 Qc5 37. f4 Qc1 38. Qc2 Bd3 0-1

[Event "EU-ch U16 Girls 23rd"]
[Site "Budva"]
[Date "2013.09.30"]
[Round "2"]
[White "Paolillo, Gaia"]
[Black "Velikic, Adela"]
[Result "0-1"]
[WhiteElo "1920"]
[BlackElo "2023"]
[PlyCount "64"]
[EventDate "2013.09.29"]
[EventType "swiss"]
[EventRounds "9"]
[EventCountry "MNE"]
[SourceTitle "EXT 2014"]
[Source "ChessBase"]
[SourceDate "2013.11.20"]
[SourceVersion "1"]
[SourceVersionDate "2013.11.20"]
[SourceQuality "1"]

1. e4 c5 2. b3 Nc6 3. Bb2 d6 4. Nf3 Nf6 5. e5 dxe5 6. Nxe5 Qc7 7. Nxc6 bxc6 8. Be2 e5 9. 0-0 Bd6 10. Na3 0-0 11. Nc4 Nd5 12. d3 Re8 13. Re1 Bd7 14. Bf3 Rad8 15. Qd2 f6 16. Ba3 Nf4 17. Nxd6 Qxd6 18. Qa5 Ne6 19. Bg4 Nd4 20. Bxc5 Qd5 21. Bxd7 Rxd7 22. Rac1 e4 23. dxe4 Qg5 24. Kh1 Re5 25. b4 Ne2 26. Rcd1 Nf4 27. g3 Qg4 28. gxf4 Rxd1 29. Rxd1 Qxd1+ 30. Kg2 Rxe4 31. Qxa7 Qg4+ 32. Kf1 Qh3+ 0-1